Who was born earlier? Quiz - Statistics

General Stats
  • This quiz has been taken 192 times
  • The average score is 8 of 15
Answer Stats
Question Answer % Correct
Kobe Bryant or LeBron James Bryant
82%
Richard Nixon or Dwight D. Eisenhower Eisenhower
82%
William Shakespeare or Charles Dickens Shakespeare
82%
Rosa Parks or Martin Luther King Parks
76%
Amelia Earhart or Wilbur Wright Wright
71%
Michelangelo Buonarroti or Leonardo da Vinci da Vinci
59%
Fidel Castro or Ernesto "Che" Guevara Castro
47%
Kirk Douglas or James Dean Douglas
47%
Martin Luther or Johannes Gutenberg Gutenberg
47%
Napoleon Bonaparte or King Louis XVI Louis XVI
47%
Johann Sebastian Bach or Georg Friedrich Händel Händel
41%
Homer or Euripides Homer
41%
Mickey Mouse or Dagobert Duck Mickey
41%
Christopher Columbus or Vasco da Gama Columbus
35%
Albert Einstein or Erwin Schrödinger Einstein
24%
No matching quizzes found
Score Distribution
Percent of People with Each Score
Percentile by Number Answered
Your Score History
You have not taken this quiz